| Tag |
First Indicator |
Second Indicator |
Subfields |
| LEADER |
00000cam a2200000 a 4500 |
| 001 |
in00002031237 |
| 005 |
20160226120041.0 |
| 008 |
040212s2004 enkab b 001 0 eng |
| 010 |
|
|
|a 2004003231
|
| 020 |
|
|
|a 1843830906 (alk. paper)
|
| 035 |
|
|
|a (OCoLC)ocm54425131
|
| 040 |
|
|
|a DLC
|c DLC
|d UtOrBLW
|
| 043 |
|
|
|a e-ie---
|
| 049 |
|
|
|a TXAM
|
| 050 |
0 |
0 |
|a DA933
|b .F49 2004
|
| 082 |
0 |
0 |
|a 394/.4
|2 22
|
| 100 |
1 |
|
|a FitzPatrick, Elizabeth,
|d 1960-
|
| 245 |
1 |
0 |
|a Royal inauguration in Gaelic Ireland c. 1100-1600 :
|b a cultural landscape study /
|c Elizabeth FitzPatrick.
|
| 264 |
|
1 |
|a Woodbridge, UK ;
|a Rochester, N.Y. :
|b Boydell Press,
|c 2004.
|
| 300 |
|
|
|a xx, 294 pages :
|b illustrations, maps ;
|c 24 cm.
|
| 336 |
|
|
|a text
|b txt
|2 rdacontent
|
| 337 |
|
|
|a unmediated
|b n
|2 rdamedia
|
| 338 |
|
|
|a volume
|b nc
|2 rdacarrier
|
| 490 |
1 |
|
|a Studies in Celtic history,
|x 0261-9865 ;
|v 22
|
| 504 |
|
|
|a Includes bibliographical references (pages [249]-267) and indexes.
|
| 651 |
|
0 |
|a Ireland
|x History
|y 1172-1603.
|
| 651 |
|
0 |
|a Ireland
|x Kings and rulers
|x Succession.
|
| 651 |
|
0 |
|a Ireland
|x Historical geography.
|
| 651 |
|
0 |
|a Ireland
|x Antiquities, Celtic.
|
| 651 |
|
0 |
|a Ireland
|x History
|y To 1172.
|
| 650 |
|
0 |
|a Historic sites
|z Ireland.
|
| 650 |
|
0 |
|a Landscapes
|z Ireland.
|
| 650 |
|
0 |
|a Celts
|z Ireland.
|
| 830 |
|
0 |
|a Studies in Celtic history ;
|v 22.
|
| 856 |
4 |
1 |
|3 Table of contents
|u http://www.loc.gov/catdir/toc/ecip0415/2004003231.html
|t 0
|
| 945 |
|
|
|i PromptCat
|
| 947 |
|
|
|a A14831531659
|
| 948 |
|
|
|a cataloged
|b h
|c 2005/4/5
|d c
|e dmitchel
|f 10:50:40 am
|
| 994 |
|
|
|a 92
|b TXA
|
| 999 |
|
|
|a MARS
|
| 999 |
f |
f |
|s 8aa05768-4f79-3e5f-a6eb-4a00c1d1b603
|i 58893bcd-4edd-3116-8013-fb05e45f4e6e
|t 0
|
| 952 |
f |
f |
|p normal
|a Texas A&M University
|b College Station
|c Sterling C. Evans Library
|d Evans: Library Stacks
|t 0
|e DA933 .F49 2004
|h Library of Congress classification
|i unmediated -- volume
|m A14831531659
|
| 998 |
f |
f |
|a DA933 .F49 2004
|t 0
|l Evans: Library Stacks
|